Ligne 18 du métro de Paris - Statistiques

Statistiques générales
  • Ce quiz a été pris 30 fois
  • Le résultat moyen est 5 sur 10
Statistiques - réponses
Réponse % Correct
Versailles Chantiers
81%
Aéroport d'Orly
77%
Massy - Palaiseau
73%
Christ de Saclay
46%
Massy Opéra
46%
Antonypole - Wissous Centre
42%
Guyancourt
38%
Satory
38%
Marguerite Perey
15%
Moulon Campus
12%
Aucun quiz correspondant
Distribution des résultats
% des personnes avec chaque résultat
Percentile par nombre de réponses
Votre historique - résultats
Vous n’avez pas pris ce quiz